| 000 | 00373nam a2200145 a 4500 | ||
|---|---|---|---|
| 008 | 980424s1967||||xx 0 und c | ||
| 040 |
_aSNK _bslo _cSNK _eAACR2 |
||
| 100 | 1 | _aMarx, Karol | |
| 245 | 1 | 0 |
_aKapitál 2. _bZväzok prvý |
| 260 |
_aBratislava _bVydavateľstvo politickej literatúry _c1967 |
||
| 300 | _a942 s. | ||
| 020 | _c21 | ||
| 041 | _aslo | ||
| 044 |
_axo _cSK |
||
| 999 |
_c15471 _d15471 |
||